| 000 | 00708nam a22002057a 4500 | ||
|---|---|---|---|
| 005 | 20111005111340.0 | ||
| 010 | _aG-001715 | ||
| 020 | _c60.00 | ||
| 035 | 1 | d | _aG-001715 |
| 037 | _bGift | ||
| 082 | _aS | ||
| 100 |
_aAndersen, Hans Christian _935245 |
||
| 245 | E |
_aFairy tales and stories / _cby Hans Christian Andersen |
|
| 260 |
_aJaipur _bShyam Prakashan _c2009 |
||
| 270 |
_aGeetanjali Apartment, 1926, Nataniyon ka Rasta, _bJaipur _e302003 |
||
| 300 |
_a64p. _c22cm(pbk) |
||
| 942 |
_2ddc _cCH _hS _mAND |
||
| 999 |
_c57306 _d57306 |
||